Capitals of States Bordering the Colorado River - Statistics

General Stats
  • This quiz has been taken 18 times
  • The average score is 5 of 5
Answer Stats
State Capital % Correct
Denver
100%
Phoenix
100%
Sacramento
94%
Salt Lake City
94%
Carson City
78%
No matching quizzes found
Score Distribution
Percent of People with Each Score
Percentile by Number Answered
Your Score History
You have not taken this quiz